000 00899nam a2200289Ia 4500
003 OSt
005 20221007122827.0
006 a|||||r|||| 00| 0
007 ta
008 221006b |||||||| |||| 00| 0 eng d
020 _a9781107034303 (hbk)
024 _a190390
037 _b906, 07/03/2014, Book Seller
_cTextual
040 _aPAPL
_cPAPL
_beng
041 _2eng
_aeng
082 _aC:(9S), Q3 Carpa
100 _aFranklin Joel
_9714873
245 0 _aComputational methods for physics
260 _aCambridge
_bCambridge university
_c2013
300 _axvii,400p. ill.
_ccm.
500 _aReferences 393-394p.; Index 395-400p.
650 _a Mathematical physics
_9463933
650 _a Numerical analysis
_9713154
650 _aPhysics
942 _hC:(9S), Q3 Carpa
_cTEXL
_2CC
999 _c1210997
_d1210997